000
00187nam a2200085Ia 4500
008
170617s9999 xx 000 0 und d
100
_a
Ingold-C.K
245
0
_a
Organic Chemistry
260
_b
C B S Pub
260
_c
1994
999
_c
15352
_d
15352